Statystyki dla Wszyscy Zwycięzcy Ligi Mistrzów

Kliknij tutaj aby rozwiązać quiz!

Ogólne statystyki

  • Ten quiz został rozwiązany 239 razy
  • Średni wynik to 54 z 68

Statystyki odpowiedzi

PodpowiedźOdpowiedź% Poprawnych
1955/56Real Madryt
99%
1956/57Real Madryt
99%
1957/58Real Madryt
99%
1958/59Real Madryt
99%
1959/60Real Madryt
99%
2021/22Real Madryt
99%
1997/98Real Madryt
99%
1999/00Real Madryt
99%
2017/18Real Madryt
99%
2016/17Real Madryt
99%
1965/66Real Madryt
99%
2015/16Real Madryt
99%
2001/02Real Madryt
99%
2013/14Real Madryt
99%
2005/06Barcelona
98%
2010/11Barcelona
98%
2014/15Barcelona
98%
2008/09Barcelona
98%
1991/92Barcelona
98%
2012/13Bayern
95%
1973/74Bayern
95%
1974/75Bayern
95%
1975/76Bayern
95%
2000/01Bayern
95%
2019/20Bayern
95%
1976/77Liverpool
95%
1977/78Liverpool
95%
2004/05Liverpool
95%
1980/81Liverpool
95%
2018/19Liverpool
95%
1983/84Liverpool
95%
2022/23Manchester City
95%
1998/99Manchester United
94%
2007/08Manchester United
94%
1967/68Manchester United
94%
2002/03AC Milan
90%
2006/07AC Milan
90%
1988/89AC Milan
90%
1962/63AC Milan
90%
1989/90AC Milan
90%
1968/69AC Milan
90%
1993/94AC Milan
90%
2009/10Inter
90%
1963/64Inter
90%
1964/65Inter
90%
2011/12Chelsea
88%
2020/21Chelsea
88%
1995/96Juventus
80%
1984/85Juventus
80%
2003/04Porto
72%
1986/87Porto
72%
1996/97Borussia Dortmund
69%
1960/61Benfica
57%
1961/62Benfica
57%
1979/80Nottingham Forest
52%
1978/79Nottingham Forest
52%
1981/82Aston Villa
40%
1990/91Crvena zvezda
36%
1966/67Celtic
35%
1982/83Hamburger
31%
1992/93Olympique Marsylia
29%
1987/88PSV Eindhoven
24%
1985/86Steaua Bukareszt
22%
1969/70Feyenoord
20%
1970/71AFC Ajax
14%
1971/72AFC Ajax
14%
1994/95AFC Ajax
14%
1972/73AFC Ajax
14%

Rozkład punktacji

Percentyl według liczby udzielonych odpowiedzi

Procent ludzi z każdym wynikiem

Twoja historia wyników

Nie rozwiązałeś tego quizu